000
00330nam a2200133Ia 4500
008
220204s9999 xx 000 0 und d
082
_a
632.9
_b
APP
100
_a
Apple, Lawrence J
245
0
_a
Integrated pest management
260
_a
New York
_b
Plenum
_c
1976
650
_a
Pest management
700
_a
Smith, Ray
942
_c
BK
999
_c
26741
_d
26741